000 00791nam a2200241Ia 4500
003 OSt
005 20220923212023.0
006 a|||||r|||| 00| 0
007 ta
008 220922b |||||||| |||| 00| 0 hin d
024 _a149,887
037 _cTextual
040 _aARTS
_cARTS
_bhin
041 _2hin
_ahin
082 _a4:(P152)xM89, 152N3
100 _aस्नातक, विजयेन्द्र
245 0 _aइन्द्र विघावाचस्पति
246 _aIndra vighāvāchaspati
260 _aनई दिल्ली
_b साहित्य अकादेमी
_c1993
300 _a80p.
_ccm.
942 _h4:(P152)xM89, 152N3
_cTEXL
_2CC
999 _c305567
_d305567